00425nam a2200157Ia 4500001000500000005001700005008004100022041000800063082001700071100003300088245009300121260000900214300002800223650000800251654000800259335920260306145637.0260306t2005||||xx |||||||||||||| ||spa|| aESP a270.092bM93 aMujica Pinilla, RamóneAUT 0aRosa limensis:bmística, política e iconografía en torno a la patrona de América c2005 a497 páginas :c23 cm. aGEN aCHU